书目信息 |
| 题名: |
大众菜谱
|
|
| 作者: | 李兴春 , 王丽茹 编 | |
| 分册: | 泡菜、酱腌菜 | |
| 出版信息: | 北京 中国轻工业出版社 2003.03 |
|
| 页数: | 182页 | |
| 开本: | 17×18cm | |
| 丛书名: | 10元系列 | |
| 单 册: | ||
| 中图分类: | TS972.182 | |
| 科图分类: | ||
| 主题词: | 菜谱--cai pu--中国 , 泡菜--pao cai--蔬菜加工 | |
| 电子资源: | ||
| ISBN: | 7-5019-3899-7 | |
| 000 | 00971nam 2200289 450 | |
| 001 | 012008018359 | |
| 005 | 20080423085457.67 | |
| 010 | @a7-5019-3899-7@dCNY10.00 | |
| 100 | @a20080423d2003 km y0chiy0120 ea | |
| 101 | 0 | @achi |
| 102 | @aCN@b110000 | |
| 105 | @ay z 000yy | |
| 106 | @ar | |
| 200 | 1 | @a大众菜谱@Ada zhong cai pu@i泡菜、酱腌菜@f李兴春,王丽茹编@Fli xing chun,wang li ru bian |
| 210 | @a北京@c中国轻工业出版社@d2003.03 | |
| 215 | @a182页@d17×18cm | |
| 225 | 2 | @a10元系列@A10 yuan xi lie |
| 330 | @a本书收录了169种泡菜、酱腌菜,比较详细地介绍了制作工艺、成品特色、食用方法等,并加了有关小知识。 | |
| 410 | 0 | @12001 @a10元系列 |
| 517 | 1 | @a泡菜、酱腌菜@Apao cai、jiang a cai |
| 606 | 0 | @a菜谱@Acai pu@y中国 |
| 606 | 0 | @a泡菜@Apao cai@x蔬菜加工 |
| 690 | @aTS972.182@v4 | |
| 701 | 0 | @a李兴春@Ali xing chun@c(烹饪)@4编 |
| 701 | 0 | @a王丽茹@Awang li ru@c(烹饪)@4编 |
| 801 | 0 | @aCN@bQSSK@c20080423 |
| 905 | @b20701785-87@dTS972.182@eL300@f3 | |
| 大众菜谱.泡菜、酱腌菜/李兴春,王丽茹编.-北京:中国轻工业出版社,2003.03 |
| 182页;17×18cm.-(10元系列) |
| ISBN 7-5019-3899-7:CNY10.00 |
| 本书收录了169种泡菜、酱腌菜,比较详细地介绍了制作工艺、成品特色、食用方法等,并加了有关小知识。 |
| ● |
| 相关链接 |
|
|
|
正题名:大众菜谱
索取号:TS972.182/L300
 
预约/预借
| 序号 | 登录号 | 条形码 | 馆藏地/架位号 | 状态 | 备注 |
| 1 | 701785 | 207017850 | 自科库501/509社科库 45排7列1层/ [索取号:TS972.182/L300] | 在馆 | |
| 2 | 701786 | 207017869 | 自科库501/509社科库 45排7列1层/ [索取号:TS972.182/L300] | 在馆 | |
| 3 | 701787 | 207017878 | 自科库501/ [索取号:TS972.182/L300] | 在馆 |